Catalog

Record Details

Catalog Search



Arctic Science, International Law and Climate Change Legal Aspects of Marine Science in the Arctic Ocean  Cover Image E-book E-book

Arctic Science, International Law and Climate Change [electronic resource] : Legal Aspects of Marine Science in the Arctic Ocean / edited by Susanne Wasum-Rainer, Ingo Winkelmann, Katrin Tiroch.

Electronic resources


LDR 02008nam a22004335i 4500
00141430
003CONS
00520130726172754.0
007cr nn 008mamaa
008120613s2012 gw | s |||| 0|eng d
020 . ‡a9783642242038 ‡9978-3-642-24203-8
0247 . ‡a10.1007/978-3-642-24203-8 ‡2doi
035 . ‡a(DE-He213)978-3-642-24203-8
050 4. ‡aK3581-3598.22
072 7. ‡aLBBP ‡2bicssc
072 7. ‡aLAW051000 ‡2bisacsh
1001 . ‡aWasum-Rainer, Susanne. ‡eeditor.
24510. ‡aArctic Science, International Law and Climate Change ‡h[electronic resource] : ‡bLegal Aspects of Marine Science in the Arctic Ocean / ‡cedited by Susanne Wasum-Rainer, Ingo Winkelmann, Katrin Tiroch.
264 1. ‡aBerlin, Heidelberg : ‡bSpringer Berlin Heidelberg, ‡c2012.
300 . ‡aXIX, 374p. 36 illus., 30 illus. in color. ‡bonline resource.
336 . ‡atext ‡btxt ‡2rdacontent
337 . ‡acomputer ‡bc ‡2rdamedia
338 . ‡aonline resource ‡bcr ‡2rdacarrier
347 . ‡atext file ‡bPDF ‡2rda
4901 . ‡aBeiträge zum ausländischen öffentlichen Recht und Völkerrecht, Veröffentlichungen des Max-Planck-Instituts für ausländisches öffentliches Recht und Völkerrecht, ‡x0172-4770 ; ‡v235
650 0. ‡aLaw.
650 0. ‡aClimatic changes.
650 0. ‡aEnvironmental law.
65014. ‡aLaw.
65024. ‡aInternational Environmental Law.
65024. ‡aEnvironmental Law/Policy/Ecojustice.
65024. ‡aClimate Change.
7001 . ‡aWinkelmann, Ingo. ‡eeditor.
7001 . ‡aTiroch, Katrin. ‡eeditor.
7102 . ‡aSpringerLink (Online service)
7730 . ‡tSpringer eBooks
77608. ‡iPrinted edition: ‡z9783642242021
830 0. ‡aBeiträge zum ausländischen öffentlichen Recht und Völkerrecht, Veröffentlichungen des Max-Planck-Instituts für ausländisches öffentliches Recht und Völkerrecht, ‡x0172-4770 ; ‡v235
85640. ‡uhttp://biblioteca.ipicyt.edu.mx:2048/login?url=http://dx.doi.org/10.1007/978-3-642-24203-8 ‡yTexto completo ‡9CONS
950 . ‡aHumanities, Social Sciences and Law (Springer-11648)
901 . ‡a41430 ‡b ‡c41430 ‡tbiblio ‡sSystem Local

Additional Resources